000
00231 a2200097 4500
001
33391
100
_a
Eichenhberger,J.A
245
_a
Handling In-Flight Emergencies
260
_a
NY
_b
McGraw-Hill Inc
_c
2001
090
_c
22259
_d
22259
942
_a
NUST-CAE
_c
M
_c
13624
999
_c
268464
_d
268464